| Tag |
First Indicator |
Second Indicator |
Subfields |
| LEADER |
00000cam a22000004a 4500 |
| 001 |
in00002184413 |
| 005 |
20151104062416.0 |
| 008 |
060328s2006 enk b 001 0 eng |
| 010 |
|
|
|a 2006010330
|
| 020 |
|
|
|a 0199296650 (alk. paper)
|
| 024 |
3 |
|
|a 9780199296651
|
| 035 |
|
|
|a (OCoLC)ocm65407166
|
| 040 |
|
|
|a DLC
|c DLC
|d BAKER
|d BWKUK
|d UtOrBLW
|
| 042 |
|
|
|a pcc
|
| 043 |
|
|
|a e-uk---
|
| 049 |
|
|
|a TXAM
|
| 050 |
0 |
4 |
|a KD1715
|b .R87 2006
|
| 082 |
0 |
0 |
|a 346.41/082
|2 22
|
| 100 |
1 |
|
|a Russen, Jonathan.
|
| 245 |
1 |
0 |
|a Financial services :
|b authorization, supervision, and enforcement : a litigator's guide /
|c Jonathan Russen.
|
| 264 |
|
1 |
|a Oxford ;
|a New York :
|b Oxford University Press,
|c 2006.
|
| 300 |
|
|
|a xli, 390 pages ;
|c 26 cm.
|
| 336 |
|
|
|a text
|b txt
|2 rdacontent
|
| 337 |
|
|
|a unmediated
|b n
|2 rdamedia
|
| 338 |
|
|
|a volume
|b nc
|2 rdacarrier
|
| 504 |
|
|
|a Includes bibliographical references and index.
|
| 505 |
0 |
|
|a Regulation through authorisation, requirement, and approval -- Mainstream and regulatory offences -- The FSA's powers of investigation -- Criminal prosecutions by the FSA -- Civil liability and the remedies and sanctions available to the FSA and investors -- Market abuse -- The FSA's control of money laundering -- Restrictions upon financial promotions -- Practice and procedure -- Independent challenges to the FSA's actions -- The financial ombudsman service.
|
| 650 |
|
0 |
|a Financial services industry
|x Law and legislation
|z Great Britain.
|
| 610 |
2 |
0 |
|a Financial Services Authority (Great Britain)
|x Rules and practice.
|
| 650 |
|
0 |
|a Financial services industry
|z Great Britain
|x State supervision.
|
| 856 |
4 |
1 |
|3 Table of contents
|u http://www.loc.gov/catdir/toc/ecip0611/2006010330.html
|t 0
|
| 938 |
|
|
|a Baker & Taylor
|b BKTY
|c 175.00
|d 175.00
|i 0199296650
|n 0006690480
|s active
|
| 945 |
|
|
|i PromptCat
|
| 946 |
|
|
|a west,stk
|
| 947 |
|
|
|a A14834354844
|
| 948 |
|
|
|a cataloged
|b h
|c 2006/8/11
|d c
|e achopde
|f 2:42:56 pm
|
| 994 |
|
|
|a 92
|b TXA
|
| 999 |
|
|
|a MARS
|
| 999 |
f |
f |
|s a4b4f4ba-200d-381e-a662-cc4f9f5fdbbf
|i ebe9427a-1edf-3fdc-99fd-924a02254c9d
|t 0
|
| 952 |
f |
f |
|p ric
|a Texas A&M University
|b Rellis Campus
|c Joint Library Facility
|d Remote Storage
|t 0
|e KD1715 .R87 2006
|h Library of Congress classification
|i unmediated -- volume
|m A14834354844
|
| 998 |
f |
f |
|a KD1715 .R87 2006
|t 0
|l Remote Storage
|